Statistics for colleges in utah

Click here to take the quiz!

General Stats

  • This quiz has been taken 82 times
  • The average score is 6 of 8

Answer Stats

Answer% Correct
Utah
99%
BYU
93%
Utah St
92%
Utah Valley
76%
Southern Utah
73%
Weber St
69%
Dixie St
59%
Snow
42%

Score Distribution

Percentile by Number Answered

Percent of People with Each Score

Your Score History

You have not taken this quiz